000 00202nam a22000857a 4500
008 161207b xxu||||| |||| 00| 0 eng d
100 _91919
_aBianki. V
245 _aRed Hill
260 _aMoscow
_bProgress
_c1981
999 _c4684
_d4684